000 01203nam0a2200313 4500
001 RU\NLR\bibl\506751
005 20260406062355.0
010 _a5-465-00075-9
_97000
021 _aRU
_b2004-7331
_9373
035 _a(NLR Aleph) 000499302
090 _a1163411
_c1163411
100 _a20040331d2004 |||y0rusy50 ca
101 0 _arus
102 _aRU
105 _ay |||||||||
200 1 _aДело о британской осе
_e[Повесть. Рассказы]
_fЕлена Ворон
210 _aМ.
_cОмега
_d2004
215 _a381,[2] с.
_d17
225 1 _aЭкзотический детектив
300 _aНа обороте тит. л. авт.: Е. Ворон (Е.В. Воронько)
327 1 _aСодерж.: Дело о британской осе: Повесть; Рассказы: Каньон; Капризы Снежной королевы
686 _aШ6(2=Р)75-446
700 1 _4070
_8rus
_7ca
_aВорон
_bЕ. В.
_f1963-
_gЕлена Вячеславовна
_3RU\NLR\AUTH\7712572
_9122283
801 0 _aRU
_bNLR
_c20040331
_gPSBO
801 1 _aRU
_bNLR
_c20040331
942 _cBOOK
980 _aNB